Management Tasks, Responsibilities, Practices (Record no. 791)
[ view plain ]
| 000 -LEADER | |
|---|---|
| Fixed length control field | 00467nam a2200169 4500 |
| 003 - CONTROL NUMBER IDENTIFIER | |
| Control field | SEACOMMC |
| 005 - DATE AND TIME OF LATEST TRANSACTION | |
| Control field | 20250425130802.0 |
| 008 - FIXED-LENGTH DATA ELEMENTS--GENERAL INFORMATION | |
| Fixed length control field | 241125b |||||||| |||| 00| 0 eng d |
| 020 ## - INTERNATIONAL STANDARD BOOK NUMBER / ISBN | |
| International Standard Book Number | 978-0-88730-615-0 |
| Price | Rs.325.00 |
| 040 ## - CATALOGING SOURCE | |
| Original cataloging agency | SEACOMMC |
| 082 ## - DEWEY DECIMAL CLASSIFICATION NUMBER | |
| Classification number | 658 |
| Book Number | D 794 |
| 100 ## - MAIN ENTRY--PERSONAL NAME | |
| Personal name | Drucker, Peter F |
| 245 1# - TITLE STATEMENT | |
| Title | Management Tasks, Responsibilities, Practices |
| Statement of responsibility | Peter F Drucker |
| 260 ## - IMPRINT | |
| Place of publication | Kolkata |
| Name of publisher | Allied Publishers |
| Date of publication | 2004 |
| 650 ## - SUBJECT ADDED ENTRY--TOPICAL TERM | |
| Topical term | Management |
| 942 ## - ADDED ENTRY ELEMENTS (KOHA) | |
| Koha item type | Books |
| Withdrawn status | Lost status | Source of classification | Damaged status | Not for loan | Collection code | Home library | Current library | Shelving location | Date acquired | Total Checkouts | Call number | Accession number | Date last seen | Price effective from | Koha item type | Copy number | Checked out | Date checked out |
|---|---|---|---|---|---|---|---|---|---|---|---|---|---|---|---|---|---|---|
| Dewey Decimal Classification | Reference | SEACOM MANAGEMENT COLLEGE | SEACOM MANAGEMENT COLLEGE | Reference | 21/11/2007 | 658 D 794 | M-1001 | 25/11/2024 | 25/11/2024 | Books | ||||||||
| Dewey Decimal Classification | SEACOM MANAGEMENT COLLEGE | SEACOM MANAGEMENT COLLEGE | 21/11/2007 | 658 D 794 | M-1002 | 25/11/2024 | 25/11/2024 | Books | 1 | |||||||||
| Dewey Decimal Classification | SEACOM MANAGEMENT COLLEGE | SEACOM MANAGEMENT COLLEGE | 21/11/2007 | 658 D 794 | M-1003 | 25/11/2024 | 25/11/2024 | Books | 2 | |||||||||
| Dewey Decimal Classification | SEACOM MANAGEMENT COLLEGE | SEACOM MANAGEMENT COLLEGE | 21/11/2007 | 658 D 794 | M-1004 | 25/11/2024 | 25/11/2024 | Books | 3 | |||||||||
| Dewey Decimal Classification | SEACOM MANAGEMENT COLLEGE | SEACOM MANAGEMENT COLLEGE | 21/11/2007 | 1 | 658 D 794 | M-1005 | 01/04/2026 | 25/11/2024 | Books | 4 | 15/04/2026 | 01/04/2026 |
